| 000 | 00459nam a2200193Ia 4500 | ||
|---|---|---|---|
| 999 |
_c36346 _d36346 |
||
| 003 | 0100 | ||
| 005 | 20170428092500.0 | ||
| 008 | 130303s9999 xx 000 0 und d | ||
| 040 | _cARRUPELIB | ||
| 050 | _aDT447.R6 1968 | ||
| 245 | _aTanzania before 1900 | ||
| 260 |
_bEast African Publishers _aNairobi _c1968 |
||
| 300 | _a162p. | ||
| 300 | _b 22cm. | ||
| 650 |
_bTanzania _xHistory _930040 |
||
| 650 |
_bEthnology _xTanzania _930049 |
||
| 700 |
_aRoberts, Andrew (ed.) _930050 |
||
| 942 | 0 | 0 |
_07 _2lcc _cMONOGRAPH |